00358nam a22001337a 450000500170000000800410001702000220005808200130008010000180009324500210011125000080013226000480014065000360018820250515121845.0250515b |||||||| |||| 00| 0 eng d a978-81-239-2168-6 a617.3 Q2 aEbnezar, John aCommon Neck Pain a1st bCBS Publishers & Distributors Pvt Ltdc2012 vphysiotherapyxCommon Neck Pain